Dates de règne des rois de France (Carolingiens - Orléans) - Statistiques

Statistiques générales
  • Ce quiz a été pris 32 fois
  • Le résultat moyen est 29 sur 50
Statistiques - réponses
Hint Réponse % Correct
Charlemagne 768-814
94%
Louis XIV 1643-1715
76%
Louis Ier 814-840
76%
Henri Ier 1031-1060
71%
François Ier 1515-1547
71%
Henri II 1547-1559
71%
François II 1559-1560
71%
Louis XIII 1610-1643
71%
Louis XV 1715-1774
71%
Louis XVI 1774-1792
71%
Louis XII 1498-1515
65%
Charles IX 1560-1574
65%
Henri IV 1589-1610
65%
Napoléon Ier 1804-1814
65%
Louis-Philippe Ier 1830-1848
65%
Pépin le Bref 751-768
65%
Hugues Capet 987-996
65%
Robert II 996-1031
65%
Philippe II 1180-1223
59%
Louis VIII 1223-1226
59%
Louis IX 1226-1270
59%
Philippe III 1270-1285
59%
Philippe IV 1285-1314
59%
Louis X 1314-1316
59%
Jean Ier 1316
59%
Charles VIII 1483-1498
59%
Henri III 1574-1589
59%
Louis XVIII(sauf Cent-Jours) 1814-1824
59%
Charles X 1824-1830
59%
Philippe Ier 1060-1108
53%
Louis VII 1137-1180
53%
Philippe V 1316-1322
53%
Charles IV 1322-1328
53%
Philippe VI 1328-1350
53%
Jean II 1350-1364
53%
Charles V 1364-1380
53%
Charles VI 1380-1422
53%
Charles VII 1422-1461
53%
Louis XI 1461-1483
53%
Louis VI 1108-1137
47%
Charles II 843-877
47%
Louis II 877-879
47%
Robert Ier 922-923
47%
Raoul 923-936
47%
Louis IV 936-954
47%
Lothaire 954-986
47%
Louis V 986-987
47%
Eudes 888-898
41%
Charles IIILe Simple 898-922
41%
Charles IIILe Gros 885-888
35%
Aucun quiz correspondant
Distribution des résultats
% des personnes avec chaque résultat
Percentile par nombre de réponses
Votre historique - résultats
Vous n’avez pas pris ce quiz